Oeuvres Originales/ (Record no. 2424)

MARC details
000 -LEADER
campo de control de longitud fija 00501nam a22001817a 4500
003 - IDENTIFICADOR DE NÚMERO DE CONTROL
campo de control OSt
005 - FECHA Y HORA DE LA ÚLTIMA TRANSACCIÓN
campo de control 20221028224840.0
008 - DATOS DE LONGITUD FIJA--INFORMACIÓN GENERAL
campo de control de longitud fija 221021b |||||||| |||| 00| 0 eng d
020 ## - NÚMERO INTERNACIONAL ESTÁNDAR DEL LIBRO
Número Internacional Estándar del Libro 2-906247-13-8
040 ## - FUENTE DE CATALOGACIÓN
Centro/agencia transcriptor Biblioteca LadoV
082 ## - NÚMERO DE LA CLASIFICACIÓN DECIMAL DEWEY
Número de clasificación 750
Número de ítem C585o
100 ## - ENTRADA PRINCIPAL--NOMBRE DE PERSONA
9 (RLIN) 255
Nombre de persona Curador, Alain
Término indicativo de función/relación curador
245 ## - MENCIÓN DEL TÍTULO
Título Oeuvres Originales/
260 ## - PUBLICACIÓN, DISTRIBUCIÓN, ETC.
Lugar de publicación, distribución, etc. Francia
Nombre del editor, distribuidor, etc. FRAC Pays de la Loire
300 ## - DESCRIPCIÓN FÍSICA
Extensión 59p.
Dimensiones 23x30cm
700 ## - ENTRADA AGREGADA--NOMBRE PERSONAL
Nombre de persona Wolbers, Hans
Término indicativo de función/relación autor
942 ## - ELEMENTOS DE ENTRADA SECUNDARIOS (KOHA)
Fuente del sistema de clasificación o colocación Clasificación Decimal Dewey
Tipo de ítem Koha Libros
Parte de la signatura que corresponde a la clasificación (Parte de la clasificación) 750
Parte de la signatura que identifica el ejemplar (Parte del ítem) C585o
Suprimir en OPAC No
Holdings
Estatus retirado Estado de pérdida Fuente del sistema de clasificación o colocación Estado de daño No para préstamo Biblioteca de origen Biblioteca actual Fecha de adquisición Número de inventario Total de préstamos Signatura topográfica completa Código de barras Visto por última vez Precio de reemplazo Tipo de ítem Koha
    Clasificación Decimal Dewey     Biblioteca LadoV Biblioteca LadoV 28/10/2022 001660   750 C585o 001660 28/10/2022 28/10/2022 Libros